000 01191nam a2200277 a 4500
003 OSt
005 20240223104407.0
007 cr ||||||a|c|a
008 240116s2021 mx a|||fom||| 001 0 spa d
040 _erda
100 1 _9188469
_aEspitia Pérez, Tamara Ivonne
245 1 0 _aEfecto de diferentes coadyuvantes en la selectividad de fomesafen en frijol /
_cpor Tamara Ivonne Espitia Pérez; director de tesis Roberto Abraham Ocampo Ruiz.
264 1 _aChapingo, México :
_bEl autor,
_c2021.
300 _a1 recurso en línea (47 páginas):
_bcuadros, figuras.
336 _2rdacontent
_atexto
_btxt
337 _2rdamedia
_acomputadora
_bc
338 _2rdacarrier
_arecurso en línea
_bcr
502 _bIAEPA
_cParasitología
_d2021.
_gLIC
504 _aIncluye referencias bibliográficas: páginas 44-47.
650 4 _986488
_aHerbicidas
_xFitotoxicidad
650 4 _9137091
_aHerbicidas
_xEfecto en frijol
650 4 _9133010
_aHerbicidas
_xCoadyuvantes
700 1 _982612
_aOcampo Ruiz, Roberto Abraham
_eDirector de tesis.
856 _uhttp://10.13.5.2/tesis/tl/1210676-5__ESPITIA_PEREZ_TAMARA_IVONNE.pdf
_zDESCARGAR PDF
942 _2Clasificación Universidad Autónoma Chapingo
999 _c219534
_d219534